[Event "BUL-ch Seniors"]
[Site "Sofia"]
[Date "2012.05.22"]
[Round "5"]
[White "Gandev, Petar"]
[Black "Tsenov, Filotei"]
[Result "1-0"]
[WhiteElo "2140"]
[BlackElo "1762"]
[PlyCount "127"]
[EventDate "2012.05.19"]
[EventType "swiss"]
[EventRounds "9"]
[EventCountry "BUL"]
[SourceTitle "CBM 148 Extra"]
[Source "ChessBase"]
[SourceDate "2012.06.22"]
[SourceVersion "1"]
[SourceVersionDate "2012.06.22"]
[SourceQuality "1"]

1. e4 e5 2. Nf3 Nc6 3. Bb5 a6 4. Ba4 Nf6 5. 0-0 Be7 6. Re1 d6 7. c3 0-0 8. d4 b5 9. Bb3 exd4 10. cxd4 Na5 11. Bc2 Bg4 12. Nbd2 c5 13. h3 Bh5 14. g4 Bg6 15. Nf1 Qc7 16. Bf4 cxd4 17. Nxd4 Nc6 18. Rc1 Nxd4 19. Qxd4 Qa7 20. Rcd1 Qxd4 21. Rxd4 Rac8 22. Bb1 Rfd8 23. Red1 d5 24. e5 Bxb1 25. Rxb1 Bc5 26. Rd3 Ne4 27. Be3 d4 28. Rbd1 Re8 29. Bxd4 Bxd4 30. Rxd4 Rxe5 31. Re1 Rce8 32. Ng3 Nf6 33. Rxe5 Rxe5 34. Rd6 Re6 35. Rd4 g6 36. g5 Ne8 37. Rd8 Kg7 38. f3 Nd6 39. Kf2 h5 40. h4 a5 41. b3 a4 42. bxa4 bxa4 43. Ra8 a3 44. Rxa3 Kf8 45. Ra7 Ke8 46. Rc7 Kd8 47. Rc5 Kd7 48. a4 Re8 49. Rd5 Kc6 50. Rd4 Kc5 51. Rf4 Kd5 52. Ne4 Nxe4+ 53. Rxe4 Rxe4 54. fxe4+ Kxe4 55. a5 Kd5 56. Ke3 Kc5 57. Ke4 Kb5 58. Ke5 Kxa5 59. Kf6 Kb5 60. Kxf7 Kc6 61. Kxg6 Kd7 62. Kxh5 Ke8 63. Kg6 Kf8 64. Kh7 1-0